Southville International School and Colleges
Your cart is empty.
  • Cart
  • Lists
    Public lists Eva Luna New books Lux_list list_1
    Your lists Log in to create your own lists
  • Log in to your account
  • Your cookies
  • Search history
Southville International School and Colleges
  • Advanced search
  • Recent comments
  • Most popular
  • Libraries

Log in to your account

Log in with GOOGLE


If you do not have an external account, but do have a local account, you can still log in:

  1. Home
  2. MARC view: Ugly duckling by Hand Christian Andersen (The) /
Normal view MARC view ISBD view

Ugly duckling by Hand Christian Andersen (The) / (Record no. 111802)

[ view plain ]
MARC details
000 -LEADER
fixed length control field 00580nam a2200193 a 4500
001 - CONTROL NUMBER
control field 1024
005 - DATE AND TIME OF LATEST TRANSACTION
control field 20140414131922.0
008 - FIXED-LENGTH DATA ELEMENTS--GENERAL INFORMATION
fixed length control field 041014s19uu xx 00 eng d
020 ## - INTERNATIONAL STANDARD BOOK NUMBER
International Standard Book Number 0-7667-8979-9
050 ## - LIBRARY OF CONGRESS CALL NUMBER
Classification number ER
Item number Ug6 2000
100 ## - MAIN ENTRY--PERSONAL NAME
Personal name Mitchell, Adrian
245 ## - TITLE STATEMENT
Title Ugly duckling by Hand Christian Andersen (The) /
Statement of responsibility, etc retold by Adrian Mitchell, Jonathan Heale.
260 ## - PUBLICATION, DISTRIBUTION, ETC. (IMPRINT)
Place of publication, distribution, etc London :
Name of publisher, distributor, etc Dorling Kindersley,
Date of publication, distribution, etc 2000.
300 ## - PHYSICAL DESCRIPTION
Extent 32 p. : ill. ; cm.
650 ## - SUBJECT ADDED ENTRY--TOPICAL TERM
Topical term or geographic name as entry element Ducklings
General subdivision Fiction.
650 ## - SUBJECT ADDED ENTRY--TOPICAL TERM
Topical term or geographic name as entry element Self-acceptance
General subdivision Fiction.
650 ## - SUBJECT ADDED ENTRY--TOPICAL TERM
Topical term or geographic name as entry element Children stories.
Holdings
Withdrawn status Lost status Damaged status Use restrictions Home library Current library Shelving location Date acquired Source of acquisition Total Checkouts Full call number Barcode Date last seen Price effective from Koha item type
        Munich Library Munich Library Easy Reading Section 10/14/2004     ER Ug6 2000 M2704 04/14/2014 04/14/2014 Books

Ugly duckling by Hand Christian Andersen (The) /

APA

Mitchell A., . (2000). Ugly duckling by Hand Christian Andersen (The). London: Dorling Kindersley.

Chicago

Mitchell Adrian, . 2000. Ugly duckling by Hand Christian Andersen (The). London: Dorling Kindersley.

Harvard

Mitchell A., . (2000). Ugly duckling by Hand Christian Andersen (The). London: Dorling Kindersley.

MLA

Mitchell Adrian, . Ugly duckling by Hand Christian Andersen (The). London: Dorling Kindersley. 2000.

  • Place hold
  • Print
  • Cite
  • Add to your cart (remove)
  • Save record
    BIBTEX Dublin Core MARCXML MARC (non-Unicode/MARC-8) MARC (Unicode/UTF-8) MARC (Unicode/UTF-8, Standard) MODS (XML) RIS
  • More searches
    Search for this title in:
    Other Libraries (WorldCat) Other Databases (Google Scholar) Online Stores (Bookfinder.com) Open Library (openlibrary.org)

Exporting to Dublin Core...

SOUTHVILLE LIBRARY

Southville International School and Colleges Library

1281 Tropical Ave. Cor. Luxembourg St., BF Homes International, Las Pinas City

Tel. No. 8256374 / 252358 Loc. 117/146

Powered by Koha